5:ans Hållplatser - Statistics

General Stats
  • This quiz has been taken 16 times
  • The average score is 18 of 36
Answer Stats
Order Answer % Correct
17 Brunnsparken
100%
15 Frihamnen
80%
21 Korsvägen
80%
18 Kungsportsplatsen
80%
22 Liseberg
80%
20 Berzeliigatan
60%
9 Eketrägatan
60%
4 Friskväderstorget
60%
10 Gropegårdsgatan
60%
14 Hjalmar brantningsplatsen
60%
16 Lilla bommen
60%
36 Östra sjukhuset
60%
11 Rambergsvallen
60%
8 Sälöfjordsgatan
60%
3 Väderilsgatan
60%
13 Vågmästareplatsen
60%
19 Valand
60%
1 Varmfrontsgatan
60%
7 Vårväderstorget
60%
28 Welandergatan
60%
12 Wieselgrensplatsen
60%
26 Bögatan
40%
25 Ekmanska
40%
6 Mildvädersgatan
40%
32 Munkebäcks torg
40%
5 Önskevädersgatan
40%
23 St Sigfrids plan
40%
2 Temperaturgatan
40%
33 Ättehögsgatan
20%
24 Bäckeliden
20%
34 Kaggeledstorget
20%
30 Sanatoriegatan
20%
31 Solrosgatan
20%
35 Tingvallsvägen
20%
27 Töpelsgatan
20%
29 Virginsgatan
20%
No matching quizzes found
Score Distribution
Percent of People with Each Score
Percentile by Number Answered
Your Score History
You have not taken this quiz